000 00699nam a2200217 i 4500
001 99070
003 ES-MaACL
005 20250719031948.0
007 t|
008 051117s1966 pr ||||1| spa d
080 _a929 Hostos, Eugenio María de
080 _a929 Hostos, Adolfo de
100 1 _aHostos, Adolfo de.
_964300
245 1 0 _aTras las huellas de Hostos /
_cAdolfo de Hostos.
260 _aRío Piedras, Puerto Rico :
_bUniversidad de Puerto Rico,
_c1966.
300 _a213 p., 1 p. de lám. ;
_c23 cm.
600 1 7 _aHostos, Eugenio María de,
_d1839-1903
_2embne
_964302
600 1 4 _aHostos, Adolfo de.
_964300
852 _aES-MaACL
_jE-11045
_bR.136719
999 _c99070
_d99070